000 00320nam a2200145Ia 4500
100 _aPangarkar/ S.B.
650 _aCarpentery
942 _cBK
654 _aSampoorna Sutarkam
245 _aSampoorna Sutarkam
260 _bShri Babubhai Lakhani
_aBombay
_c1965
082 _a694
300 _a216
546 _aENGLISH
999 _c25532
_d25532